O rapaz de bronze (Registo nº 1842)
[ vista simples ]
| 000 -Etiqueta do registo | |
|---|---|
| Cabeçalho | 00840nam a22002771 4500 |
| 005 - Identificador da versão | |
| Campo de controlo | 20240813121917.0 |
| 010 ## - Número internacional normalizado dos livros (ISBN) | |
| Número (ISBN) | 9726612039 |
| 021 ## - Número do Depósito Legal | |
| Código do país | PT |
| Número | 243056/06 |
| 100 ## - Dados gerais de processamento | |
| Dados gerais de processamento | 20070516d2006 de y0pory5003 ba |
| 102 ## - Pais de publicação ou produção | |
| País de publicação | Portugal |
| 101 0# - Língua de publicação | |
| Língua do texto, banda sonora, etc. | Português |
| 106 ## - Campo de dados codificados: material textual | |
| Dados codificados do material textual | r |
| 105 ## - Campo de dados codificados: livros | |
| Dados codificados dos livros | a z 001fy |
| 215 ## - Descrição física | |
| Indicação específica da natureza do documento e extensão da espécie | 58, [2] p. |
| Outras indicações físicas | il. |
| Dimensões | 20 cm |
| 200 1# - Titulo e menção de responsabilidade | |
| Título próprio | O rapaz de bronze |
| Primeira menção de responsabilidade | Sophia de Mello Breyner Andresen |
| Outras menções de responsabilidade | il. Fedra Santos |
| 210 ## - Publicação, Distribuição, etc. | |
| Lugar da edição, distribuição, etc. | Porto |
| Nome do editor, distribuidor, etc. | Figueirinhas |
| Data da publicação, distribuição, etc. | D.L. 2006 |
| 300 ## - Notas gerais | |
| Texto da nota | Obra integrada no Plano Nacional de Leitura |
| 606 ## - Nome comum usado como assunto | |
| Número de registo de entrada de autoridade | 0000364 |
| Palavra de ordem | Literatura portuguesa infanto-juvenil |
| Subdivisão de assunto | Conto |
| 675 ## - Classificação Decimal Universal (CDU) | |
| Notação | 821.134.3-34 |
| Edição | 2ª |
| Língua da edição | por |
| 702 #1 - Nome de autor-pessoa física (responsabilidade secundária) | |
| Número de registo de entrada de autoridade | 0000138 |
| Palavra de ordem | Santos |
| Outra parte do nome não tomada para palavra de ordem | Fedra |
| Código de função | Ilustrador / Técnico de desenho computorizado |
| 700 #1 - Nome de autor-pessoa física (responsabilidade principal) | |
| Número de registo de entrada de autoridade | 0000013 |
| Palavra de ordem | Andresen |
| Outra parte do nome não tomada para palavra de ordem | Sophia de Mello Breyner |
| Datas | 1919-2004 |
| 942 ## - Elementos de entrada adicionados (Koha) | |
| Tipo de item no Koha | Livro |
| Situação do levantamento | Origin of item (home branch) (coded) | Biblioteca de empréstimo | Código de barras | Cota | Data de devolução | Circulation type (not for loan) | Tipo de documento | Nota do exemplar | Damaged status |
|---|---|---|---|---|---|---|---|---|---|
| Biblioteca Escolar da Coca Maravilhas | Biblioteca Escolar da Coca Maravilhas | BECM7931 | 8POR AND | Livro | Sem mensagem | ||||
| Biblioteca Escolar da Coca Maravilhas | Biblioteca Escolar da Coca Maravilhas | BECM7968 | 8POR AND | Livro | Sem mensagem | ||||
| Biblioteca Escolar da Coca Maravilhas | Biblioteca Escolar da Coca Maravilhas | BECM7928/07 | 8POR AND | Livro | Sem mensagem |
